| 000 | 00523nam a2200157 4500 | ||
|---|---|---|---|
| 999 |
_c512307 _d512307 |
||
| 008 | 191118b ||||| |||| 00| 0 eng d | ||
| 100 |
_aSuresh, Neenu _913415 |
||
| 245 | _aTowards 'Schoolification' of early childhood years: Draft National Education Policy 2019 | ||
| 260 | _bEconomic and Political Weekly | ||
| 300 | _a54(40), 05 Oct, 2019: p.17-20. | ||
| 650 |
_aEducation policy _913416 |
||
| 650 |
_aSchool education _913417 |
||
| 773 | _aEconomic and Political Weekly | ||
| 906 | _aEducation | ||
| 942 |
_2ddc _cAR |
||